| 000 | 00607nam a22001577a 4500 | ||
|---|---|---|---|
| 003 | OSt | ||
| 005 | 20151208102227.0 | ||
| 008 | 151208b xxu||||| |||| 00| 0 eng d | ||
| 040 | _cRUA | ||
| 082 | _aATM SVA 2004 B193 Or.1 | ||
| 100 |
_94516 _aSVAY, PUTHEARA. |
||
| 245 | _aassessment of the agricultural extension activities, kandal province (ការវាយតំលៃលើសកម្មភាពផ្សព្វផ្សាយកសិកម្មនៅក្នុងខេត្តកណ្តាល) | ||
| 260 |
_aPhnom Penh _bRUA _c2004 |
||
| 300 |
_aviii, 54p. _bill. _e29cm. |
||
| 942 |
_2ddc _cATM |
||
| 999 |
_c4207 _d4207 |
||